000 00642nam a2200229Ia 4500
003 OSt
005 20220928135621.0
006 a|||||r|||| 00| 0
007 ta
008 220927b |||||||| |||| 00| 0 eng d
024 _a3850
037 _cTextual
040 _aSDCL
_cSDCL
_beng
041 _2eng
_aeng
082 _aX:54n73,N81, M4
100 _aHawkins Robert G
_9492121
245 0 _aResearch in international business and finance
_b A research annual
260 _c1984
700 _a Prasad A J
_9492122
942 _hX:54n73,N81, M4
_cTEXL
_2CC
999 _c807580
_d807580